|
|
|
|
| LEADER |
00637cam a2200217ua 4500 |
| 008 |
130708t2011||||||||||| 00 ||eng c |
| 020 |
|
|
|a 978-0-415-99464-4
|
| 041 |
0 |
|
|a eng
|
| 082 |
|
|
|a R 175
|b HAN
|
| 245 |
1 |
0 |
|a Handbook of Communication Ethics /
|
| 250 |
|
|
|a 1
|
| 260 |
|
|
|a London:
|b Routledge,
|c 2011.
|
| 300 |
|
|
|a 530.
|
| 362 |
1 |
|
|a 2011.
|
| 650 |
|
|
|a Communication-Moral and ethical aspects
|
| 650 |
0 |
|
|a Ethics
|
| 700 |
|
|
|a May,, Steve
|
| 700 |
0 |
2 |
|a Munshi,, Debashish
|
| 942 |
|
|
|c BK
|
| 999 |
|
|
|c 29241
|d 29241
|
| 952 |
|
|
|0 0
|1 0
|4 0
|6 R_175_000000000000000_HA
|7 0
|9 31044
|a KUCL
|b KUCL
|d 2014-05-23
|l 0
|o R 175 HA
|p 30674
|r 2017-03-09
|w 2014-05-23
|y BK
|